Statistics for Passions (Characters) Quiz

Click here to take the quiz!

General Stats

  • This quiz has been taken 9 times
  • The average score is 49 of 95

Answer Stats

HintAnswer% Correct
Arrogant CopLuis
100%
Youngest Lopez-Fitzgerald SonMiguel
100%
Poor Little Rich Girl Who Lived a Lonely ChildhoodSheridan
100%
Managed The Book CafeBeth Wallace
100%
Sam's Younger BrotherHank
100%
300 Year-Old WitchTabitha Lenox
100%
A Doll Created By the Town WitchTimmy
100%
Has Always Lived In Her Older Sister's ShadowSimone
100%
Tennis Protege/Singer/NunWhitney
100%
Music Producer from Los Angeles/Street KidChad
100%
Youngest Bennett DaughterJessica
100%
Sold Her Soul and Learned How to Use MagicKay
100%
Stereotypical Nerd and Best Friend Of MiguelReese
100%
Held Unbeknownst Powers of Goodness/Suffered Amnesia Like Her AuntCharity
100%
Prodigal Son Who Returns After Gambling His Money AwayNicholas "Foxworth" Crane (Fox)
100%
Mother Who Tends To Meddle Into Her Daughter's Love LifeRebecca
100%
Chief of PoliceSam
100%
Crane Housekeeper And Matriarch Of The Lopez-FitzgeraldsPilar
100%
Thought He Was A Crane But Later Learned He Was A BennettEthan
100%
Allowed Obsession/Love to Rule Her LifeTheresa
100%
Antagonist, Business Woman, SocialiteGwen
100%
Drunken PhilandererJulian
100%
Poison/Daughter Of The Maine State GovernorIvy
100%
Ginger-haired Woman Who Manages the Bed & BreakfastGrace
100%
The Above's ^ Twin Who Was Killed In a FireFaith
100%
Russell Patriarch With A Violent TemperT.C.
100%
Harmony's Respected Doctor With A Hidden PastEve
100%
Lost Son Of Eve and JulianVincent
75%
Youngest Lopez-Fitzgerald DaughterPaloma
75%
Attempted to Kill Tabitha With An AxeNorma Bates
75%
Aided Alistair In Breaking Up Noah and FancyMaya Chinn
75%
Boyfriend Who Followed Paloma To The StatesRoberto
75%
Born At The Crane Cabin/Delivered By GwenLittle Ethan
75%
Kidnapped By BethMarty
75%
Alistair's Alter EgoCharlie
75%
Abandoned His Wife and Children for A Crane AffairMartin
75%
Vain, Spoiled Celebutante; Police CadetFancy
75%
Child Conceived Through Rape/DruggingJane
75%
Eve's Adopted SisterLiz Sanbourne
75%
Married Jessica/Shot PilarHerbert "Spike" Lester
75%
Best Friend Of FancyEsme Vanderheusen
75%
Crane Patriarch/Racist, Homophobic, BusinessmanAlistair
75%
Claimed to Be Amnesiac Grace's First Legal HusbandDavid Hastings
75%
Associate Of The Drug Cartel Who Forced Hank Into Murdering SheridanPierre Carbonneau
50%
Mermaid Conjured By EndoraSiren
50%
Eldest Lopez-Fitzgerald SonAntonio (Brian)
50%
Son of the Above ^John
50%
Blamed Her Sister For An Altercation That Left Her Face ScarredPretty
50%
Found Himself In A Love Triangle With Theresa, Gwen & EthanJared Casey
50%
Son Of the Above^James Boothe
50%
Live In Orangutan Nurse/CaretakerPrecious
50%
Escaped To Mexico With A Married Man Because She Was Being AbusedKatherine Barrett Crane
50%
Set Fire to Spike's Club After Returning to HarmonyNoah
50%
Simone's First And Only GirlfriendRae Thomas
50%
St. Margaret Mary's Roman Catholic PriestFather Lonigan
50%
Old Friend of Chad Who Wanted RevengePuff Dog
25%
Pilar's Younger Sister Who Help Raise Paloma In MexicoMaria Lopez
25%
Right Hand Man Of Pierre/Planted The Bomb That Killed Jean-Luc & MimiRoger
25%
Jazz Singer Murdered By The Drug Cartel Because She Was Mistaken For SheridanCrystal Harris
25%
Murdered Her Own Mother and Father/Help Vincent Plot To Kill Everyone In Harmony Using A Toxic Mushroom SauceViki Chatsworth
25%
Crane Maid Promoted By TheresaPhyllis
25%
Off Screen Gigantic Cat Who Loved To Pester TimmyFluffy
25%
Chad's Estranged WifeLatoya Harris
25%
Daughter of Miguel & KayMaria Ivy Lopez-Fitzgerald
25%
Sinister Doll Created By Zombie CharityCracked Connie
25%
Inherited Magical Powers From Her MotherEndora
25%
Pilar's Childhood FriendJuanita Vasquez
25%
Tabitha's NemesisHecuba
25%
Mother Who Abused (Beth) Her DaughterEdna (Mrs.) Wallace
25%
Deceased Daughter of Ethan & GwenBaby Sarah
25%
Survives A Liver Transplant After His Older Half Brother Becomes A DonorJonathan
25%
Shot And Killed By SheridanLes
0%
Biological Mother Of JamesMaureen
0%
Tabloid Reporter Who Almost Got His Nose Broken For Breaking The Story On Ethan's PaternityMort Chandler
0%
Local Bermuda DoctorDoc
0%
Journalist/Photographer In the Witness Protection Program Due to Mob TiesChris Boothe
0%
Theresa's LawyerWoody Stumper
0%
Agreed To Be Beaten Up By The Luis Imposter To Force Luis and Sheridan ApartDee Dee
0%
Confessed Theresa And Julian Were Never Legally MarriedBruce
0%
Blackmailed Noah Into A Pretend Relationship With Maya ChinnLena (Dragon Lady)
0%
Discouraged Eve From Singing Jazz And Blues Because She Believed It Were SinfulAunt Irma
0%
Cornered Sheridan At The Crane Cabin But She Shot HimAntoine
0%
Female Alter-Ego Of The Above ^Valerie
0%
Called Up From Hell To Help Find JessicaDemon Elf
0%
Changed Timmy from A Doll to A Real BoyLittle Angel Girl
0%
Singer In Los Angeles Who Had A Crush On ChadSyd Valentine
0%
Adulterous Lover Of The Above ^Mimi
0%
Sheridan's Ex Fiancee and Member Of The French Drug CartelJean-Luc Moulin
0%
Named After Legendary Jazz Musician/Born In Pilar's KitchenMiles
0%
Mysterious, Senile Old Man Who Seemed To Know The Secrets Of Eve and ChadOrville Perkins
0%
Corrupt Judge On The Crane's PayrollJudge Reilly
0%
Plotted To Kill Antonio & Seduce Sheridan For Her WealthNick Bozman
0%
Private Detective Hired By Ethan To Find The Woman Stalking HimFrank Lomax
0%
Boyfriend Of Above ^Cecil
0%
Tabloid Editor Who Published Ivy's SecretJT Cornell
0%

Score Distribution

Percentile by Number Answered

Percent of People with Each Score

Your Score History

You have not taken this quiz